| 000 | 00422cam a2200181ua 4500 | ||
|---|---|---|---|
| 020 | _c3.50 | ||
| 041 |
_aeng _h |
||
| 082 |
_a428 _bCHE/CO |
||
| 100 | _aChettur, G K . | ||
| 245 |
_aCollege composition / _cG K Chettur. _hTextual Documents |
||
| 250 |
_a1 / _b. |
||
| 260 |
_aMumbai : _bOrient-Longman Ltd , _c1963. |
||
| 300 | _a422 ; . | ||
| 365 | _a3.50 | ||
| 504 | _a | ||
| 942 | _cBK | ||
| 999 |
_c8540 _d8540 |
||